Philosophies de l'histoire
Na minha lista:
| Main Authors: | , , |
|---|---|
| Outros Autores: | , , |
| Formato: | Livro |
| Idioma: | espanhol |
| Publicado em: |
París
Artheme Fayard
1956
|
| Colecção: | Recherches et Debats, 17
|
| Assuntos: | |
| Tags: |
Adicionar Tag
Sem tags, seja o primeiro a adicionar uma tag!
|
MARC
| LEADER | 00000nam a2200000 a 4500 | ||
|---|---|---|---|
| 001 | UCP8559 | ||
| 003 | CL-VaPUC | ||
| 008 | 000303e19560000FR |||||||||||||||||spa|d | ||
| 082 | 0 | 4 | |a 901 |b REM |2 21 |
| 100 | 0 | |a Rémond, René |e author |9 438599 | |
| 700 | |a Niel, Henri |e auteur |9 438600 | ||
| 700 | 0 | |a Blin, Maurice |e author |9 438601 | |
| 700 | 0 | |a Doz, Maurice |e author |9 438602 | |
| 700 | |a Marlé, René |e autor |9 519529 | ||
| 700 | |a Nédoncelle, Maurice |e auteur |9 336214 | ||
| 245 | 1 | 0 | |a Philosophies de l'histoire |
| 300 | |a 222 p | ||
| 942 | |c BK | ||
| 945 | |d 20000303 00:00:00 |a rherrera | ||
| 260 | |a París |b Artheme Fayard |c 1956 | ||
| 650 | 0 | |a Filosofía de la historia |9 265651 | |
| 650 | 0 | |a Historicismo |9 318908 | |
| 650 | 7 | |a METODOS HISTORICOS |2 CL-VaPUC |9 438605 | |
| 583 | |a last modification |c 20000303 00:00:00 |k Rodrigo Vera | ||
| 490 | 0 | |a Recherches et Debats, 17 | |
| 999 | |c 285451 |d 285449 | ||
| 952 | |0 0 |1 0 |4 0 |6 901_000000000000000_REM_1956 |7 0 |8 A |9 330085 |a BIBHIS |b BIBHIS |d 2019-11-20 |i 1392646 |o 901 REM 1956 |p 1392646 |r 2025-01-20 |w 2019-11-20 |y BK |k HIS | ||